[Event "Mittelfranken Landesliga Nord 2223"]
[Site "Mittelfranken"]
[Date "2023.03.19"]
[Round "8.8"]
[White "Ehrl, Wolfgang"]
[Black "Saathoff, Richard"]
[Result "0-1"]
[WhiteElo "1838"]
[BlackElo "2001"]
[PlyCount "90"]
[EventDate "2022.10.09"]
[EventType "team-tourn"]
[EventRounds "9"]
[EventCountry "GER"]
[SourceTitle "EXT 2024"]
[Source "ChessBase"]
[SourceDate "2023.10.10"]
[SourceVersion "1"]
[SourceVersionDate "2023.10.10"]
[SourceQuality "1"]
[WhiteTeam "Kareth Lappersdorf"]
[BlackTeam "Nuernberg Sued SW"]
[WhiteTeamCountry "GER"]
[BlackTeamCountry "GER"]

1. d4 Nf6 2. Bg5 e6 3. Nf3 c5 4. e3 Be7 5. Nbd2 cxd4 6. exd4 d5 7. Bb5+ Bd7 8. Bxd7+ Nfxd7 9. Bxe7 Qxe7 10. 0-0 Nc6 11. Re1 Qf6 12. c3 a5 13. Qb3 Ra7 14. Qa3 Qe7 15. Qxe7+ Kxe7 16. a4 Rc8 17. Rec1 Raa8 18. Nb1 Nf6 19. Na3 Rab8 20. Nb5 Ne4 21. Kf1 h6 22. Ke2 Rd8 23. b3 Rbc8 24. c4 Nb4 25. Ne1 dxc4 26. bxc4 Nd6 27. c5 Nf5 28. Nf3 h5 29. h3 h4 30. Rab1 f6 31. Rc4 Rd7 32. Rbc1 Rcd8 33. Rb1 Nc6 34. Rb2 Kf7 35. Nd6+ Nxd6 36. cxd6 g5 37. Ke3 Nb4 38. Nd2 Rxd6 39. Rb1 e5 40. Rc7+ Kg6 41. Rxb7 Rxd4 42. Nb3 Nd5+ 43. Ke2 Nc3+ 44. Ke1 Rd1+ 45. Rxd1 Rxd1# 0-1

[Event "Mittelfranken Landesliga Nord 2223"]
[Site "Mittelfranken"]
[Date "2023.01.15"]
[Round "5.7"]
[White "Ehrl, Wolfgang"]
[Black "Ferlan, Istok"]
[Result "1/2-1/2"]
[WhiteElo "1838"]
[BlackElo "2110"]
[PlyCount "177"]
[EventDate "2022.10.09"]
[EventType "team-tourn"]
[EventRounds "9"]
[EventCountry "GER"]
[SourceTitle "EXT 2024"]
[Source "ChessBase"]
[SourceDate "2023.10.10"]
[SourceVersion "1"]
[SourceVersionDate "2023.10.10"]
[SourceQuality "1"]
[WhiteTeam "Kareth Lappersdorf"]
[BlackTeam "Kitzingen"]
[WhiteTeamCountry "GER"]
[BlackTeamCountry "GER"]

1. d4 g6 2. Nc3 Bg7 3. Bf4 d6 4. e3 a6 5. Nf3 Nf6 6. Qd2 b5 7. Bd3 Bb7 8. a4 b4 9. Ne2 a5 10. Ng3 Nd5 11. e4 Nxf4 12. Qxf4 0-0 13. h4 e5 14. dxe5 dxe5 15. Qe3 Nc6 16. h5 Nd4 17. hxg6 Nxf3+ 18. gxf3 hxg6 19. Ne2 Qf6 20. 0-0-0 Ba6 21. Bxa6 Rxa6 22. Rd5 c6 23. Rd7 Qe6 24. Rhd1 Qa2 25. Qb3 Bh6+ 26. f4 Qxb3 27. cxb3 exf4 28. f3 c5 29. Rc7 g5 30. Kc2 Rg6 31. Rxc5 g4 32. fxg4 Rxg4 33. Rg1 Rg6 34. Rxa5 Rc8+ 35. Kd3 Rd8+ 36. Rd5 Re8 37. Rf1 Rg4 38. Rf3 Rh4 39. e5 f6 40. exf6 Rh1 41. Nxf4 Rd1+ 42. Kc2 Rh1 43. Rf2 Re4 44. Nd3 Kf7 45. Ra5 Be3 46. Re5 Rc1+ 47. Nxc1 Rxe5 48. Nd3 Re8 49. Rf5 Rc8+ 50. Kd1 Rd8 51. Ke2 Bd4 52. Nxb4 Bxb2 53. Nd3 Bxf6 54. Rb5 Rh8 55. Ne5+ Ke6 56. Nf3 Kd7 57. a5 Kc7 58. b4 Re8+ 59. Kd3 Rd8+ 60. Kc4 Rd1 61. Rf5 Be7 62. Ne5 Kd6 63. Nd3 Ke6 64. Re5+ Kd6 65. Rd5+ Kc7 66. Nc5 Rc1+ 67. Kb5 Bd6 68. Rh5 Be7 69. Rh3 Bxc5 70. bxc5 Rb1+ 71. Kc4 Ra1 72. Kb4 Kc6 73. Rh6+ Kc7 74. Kb5 Rb1+ 75. Ka6 Rc1 76. Rh3 Rb1 77. Rh7+ Kc6 78. Ka7 Ra1 79. a6 Kxc5 80. Rh6 Rg1 81. Rh7 Ra1 82. Kb7 Rb1+ 83. Ka8 Kc6 84. Rb7 Rh1 85. a7 Rh8+ 86. Rb8 Rh7 87. Rf8 Kb6 88. Rf6+ Kc7 89. Rf8 1/2-1/2

[Event "Landesliga Nord U20 1819"]
[Site "Bayern"]
[Date "2019.01.26"]
[Round "5.4"]
[White "Ehrl, Wolfgang"]
[Black "Wittmann, Jannik"]
[Result "1-0"]
[WhiteElo "1576"]
[BlackElo "1641"]
[PlyCount "49"]
[EventDate "2018.11.17"]
[EventType "team-tourn"]
[EventRounds "7"]
[EventCountry "GER"]
[SourceTitle "EXT 2022"]
[Source "ChessBase"]
[SourceDate "2021.10.06"]
[SourceVersion "1"]
[SourceVersionDate "2021.10.06"]
[SourceQuality "1"]
[WhiteTeam "Kareth Lappersdorf U20"]
[BlackTeam "Regensburg Bavaria U20 II"]
[WhiteTeamCountry "GER"]
[BlackTeamCountry "GER"]

1. b3 e5 2. Bb2 Nc6 3. e3 d5 4. Nf3 Bd6 5. c4 Nge7 6. c5 Bxc5 7. Nxe5 Nxe5 8. Bxe5 f6 9. Bb2 Bf5 10. b4 Bxb4 11. Qa4+ Nc6 12. Bb5 Qd6 13. a3 Bc5 14. Nc3 Be6 15. Rc1 0-0 16. d4 Bb6 17. Bd3 a6 18. 0-0 Na5 19. e4 dxe4 20. Nxe4 Qf4 21. Bc3 Nc6 22. Bd2 Qg4 23. d5 Nd4 24. dxe6 f5 25. Qd1 1-0

[Event "Landesliga Nord U20 1819"]
[Site "Bayern"]
[Date "2019.01.26"]
[Round "4.4"]
[White "Ehrl, Wolfgang"]
[Black "Wu, Wilfried"]
[Result "0-1"]
[WhiteElo "1576"]
[BlackElo "1615"]
[PlyCount "64"]
[EventDate "2018.11.17"]
[EventType "team-tourn"]
[EventRounds "7"]
[EventCountry "GER"]
[SourceTitle "EXT 2022"]
[Source "ChessBase"]
[SourceDate "2021.10.06"]
[SourceVersion "1"]
[SourceVersionDate "2021.10.06"]
[SourceQuality "1"]
[WhiteTeam "Kareth Lappersdorf U20"]
[BlackTeam "Erlangen SC U20"]
[WhiteTeamCountry "GER"]
[BlackTeamCountry "GER"]

1. e4 e5 2. f4 d6 3. Nf3 Nc6 4. Bc4 Bg4 5. Nc3 Nd4 6. h3 Bxf3 7. gxf3 Qh4+ 8. Kf1 Nf6 9. Nd5 Nxd5 10. Bxd5 c6 11. c3 Nxf3 12. Bxf7+ Kxf7 13. Qxf3 Qxf4 14. Qxf4+ exf4 15. d4 g5 16. h4 Be7 17. hxg5 Bxg5 18. Ke2 Raf8 19. Kf3 Ke6 20. Kg4 h6 21. Bd2 Rhg8 22. a4 f3 23. Bxg5 Rxg5+ 24. Kh4 Rf4+ 25. Kh3 Rxe4 26. Rhf1 Re3 27. Rf2 Kd5 28. Rc1 Ke4 29. Rcf1 Rg2 30. Rxg2 fxg2+ 31. Kxg2 Re2+ 32. Rf2 Re1 0-1